[Event "77. ljubljanska liga 2025"]
[Site "Gostovanja"]
[Date "2025.01.16"]
[Round "1.1"]
[White "Jazbec, Hinko"]
[Black "Plaskan, Jure"]
[Result "0-1"]
[WhiteElo "1957"]
[BlackElo "2217"]
[PlyCount "70"]
[EventDate "2025.01.16"]
[WhiteTeam "SK RUDAR TRBOVLJE"]
[BlackTeam "SD DOMZALE"]

1. e4 c5 2. Nc3 a6 3. g3 g6 4. Bg2 Bg7 5. f4 Nc6 6. Nf3 d6 7. O-O Nf6 8. d3 Rb8
9. h3 O-O 10. g4 b5 11. Ng5 Bb7 12. f5 Ne5 13. Nd5 b4 14. c3 Nxd5 15. exd5 bxc3
16. bxc3 Nd7 17. Bd2 h6 18. fxg6 hxg5 19. gxf7+ Rxf7 20. Rxf7 Kxf7 21. Qf1+ Kg8
22. Qf5 Nf8 23. Rb1 Ba8 24. Rf1 Qe8 25. Bxg5 e6 26. dxe6 Qxe6 27. Bxa8 Rxa8 28.
Qxe6+ Nxe6 29. Be7 Bxc3 30. Bf6 Bxf6 31. Rxf6 Re8 32. g5 d5 33. h4 c4 34. h5 c3
35. g6 c2 0-1

[Event "77. ljubljanska liga 2025"]
[Site "Gostovanja"]
[Date "2025.01.16"]
[Round "1.1"]
[White "Debevec, Blaz"]
[Black "Ovnik, Jaka"]
[Result "1-0"]
[WhiteElo "2136"]
[BlackElo "1571"]
[PlyCount "57"]
[EventDate "2025.01.16"]
[WhiteTeam "SD DOMZALE"]
[BlackTeam "SK RUDAR TRBOVLJE"]

1. e4 c5 2. Nf3 d6 3. d4 cxd4 4. Nxd4 Nf6 5. Nc3 a6 6. Be3 e5 7. Nf3 Be7 8. Bc4
O-O 9. Qd3 Be6 10. Bd5 Bxd5 11. Nxd5 Nxd5 12. Qxd5 Nd7 13. c4 Qc7 14. O-O Rfc8
15. b3 Nf6 16. Qd3 Qc6 17. Nd2 Ng4 18. a4 Nxe3 19. Qxe3 b5 20. Qd3 Rab8 21.
Rfd1 bxc4 22. Nxc4 Rb4 23. Rab1 h6 24. g3 Rcb8 25. Qf3 Qb7 26. Nxd6 Bxd6 27.
Rxd6 Rxe4 28. Qf5 Rxa4 29. Rd7 1-0

[Event "77. ljubljanska liga 2025"]
[Site "Gostovanja"]
[Date "2025.01.16"]
[Round "1.2"]
[White "Furlan, Miha"]
[Black "Veskovic, Dzemal"]
[Result "1-0"]
[WhiteElo "2183"]
[BlackElo "1876"]
[PlyCount "120"]
[EventDate "2025.01.16"]
[WhiteTeam "SK TREBNJE BMP"]
[BlackTeam "SD MENGES - TRZIN"]

1. e4 e6 2. d4 d6 3. Nf3 Be7 4. Bd3 c6 5. O-O Nd7 6. Re1 e5 7. c3 Ngf6 8. Nbd2
O-O 9. a4 h6 10. Nf1 Nh7 11. Ng3 Ng5 12. Nf5 Nxf3+ 13. Qxf3 Nf6 14. dxe5 dxe5
15. Bc4 Be6 16. Bxe6 fxe6 17. Nxe7+ Qxe7 18. Qg3 Qf7 19. f3 Qh5 20. Be3 Rfd8
21. Qf2 a6 22. Qc2 Qf7 23. Bb6 Rd7 24. Red1 Re8 25. Rxd7 Nxd7 26. Bf2 Qe7 27.
Rd1 Nf8 28. Qd3 Ng6 29. g3 h5 30. h4 Rf8 31. b4 Rf7 32. Bc5 Qf6 33. Qd8+ Kh7
34. Qxf6 gxf6 35. Rd6 f5 36. Kg2 Nf8 37. Rd8 Nd7 38. Bd6 fxe4 39. fxe4 Nf6 40.
Bxe5 Nxe4 41. Bd4 Kg6 42. Re8 Kf5 43. Kh3 Nf6 44. Bxf6 Kxf6 45. Rh8 Kg6 46.
Rg8+ Kf6 47. Rg5 Rh7 48. Kg2 Ke7 49. Kf3 Kd6 50. a5 Ke7 51. Kf4 Kf6 52. Ke4 Rg7
53. Rxg7 Kxg7 54. Ke5 Kf7 55. c4 Ke7 56. g4 hxg4 57. Kf4 g3 58. Kxg3 Kf6 59.
Kf4 e5+ 60. Ke4 Ke6 1-0

[Event "77. ljubljanska liga 2025"]
[Site "Gostovanja"]
[Date "2025.01.16"]
[Round "1.2"]
[White "Sedlar, Tomo"]
[Black "Ivanusa, Blaz"]
[Result "0-1"]
[WhiteElo "1888"]
[BlackElo "2058"]
[PlyCount "64"]
[EventDate "2025.01.16"]
[WhiteTeam "SD MENGES - TRZIN"]
[BlackTeam "SK TREBNJE BMP"]

1. d4 d5 2. c4 e6 3. Nc3 Nf6 4. Bf4 Be7 5. e3 O-O 6. Nf3 c5 7. Be2 dxc4 8. Bxc4
a6 9. O-O b5 10. Be2 Bb7 11. dxc5 Bxc5 12. Qxd8 Rxd8 13. Ne5 Nbd7 14. Rfd1 Rac8
15. Nxd7 Nxd7 16. Rd2 Nb6 17. Rad1 Rxd2 18. Rxd2 b4 19. Nb1 Be7 20. Be5 Nc4 21.
Rd7 Bd5 22. Rc7 Rxc7 23. Bxc7 Nxb2 24. Bxa6 Bxa2 25. Nd2 Na4 26. Kf1 f5 27. Ke2
Bf6 28. Kd1 b3 29. Bc4 Nc3+ 30. Ke1 b2 31. Bxa2 Nxa2 32. Ba5 Bc3 0-1

[Event "77. ljubljanska liga 2025"]
[Site "Gostovanja"]
[Date "2025.01.16"]
[Round "1.2"]
[White "Dimnik, Miha"]
[Black "Ocepek, Marjan"]
[Result "1-0"]
[WhiteElo "1891"]
[BlackElo "1731"]
[PlyCount "93"]
[EventDate "2025.01.16"]
[WhiteTeam "SK TREBNJE BMP"]
[BlackTeam "SD MENGES - TRZIN"]

1. e4 c5 2. Nf3 Nc6 3. Bb5 d6 4. d4 cxd4 5. Qxd4 Qa5+ 6. Nc3 Bd7 7. Bxc6 Bxc6
8. O-O e6 9. Bg5 f6 10. Bd2 Qc7 11. Qc4 Qd7 12. Nd4 Be7 13. Rfe1 Rc8 14. Rad1
Nh6 15. f4 Bxe4 16. Qb3 Bf5 17. Nxe6 Bxe6 18. Rxe6 Kd8 19. Nb5 b6 20. Nxd6 Bxd6
21. Be3 Nf7 22. f5 Rc6 23. Qd5 Kc7 24. b4 Rd8 25. Kh1 Ne5 26. Bf4 a6 27. Bxe5
fxe5 28. c4 h6 29. a4 h5 30. h3 h4 31. Qe4 Qf7 32. Qd3 Qd7 33. Qd5 Re8 34. b5
axb5 35. axb5 Rxe6 36. fxe6 Rc5 37. Qxc5+ bxc5 38. exd7 Kxd7 39. Kg1 Ke6 40.
Kf2 Bc7 41. Kf3 g5 42. Rd5 Bb6 43. Ke4 Bc7 44. Rxc5 Bd6 45. Rc6 Kd7 46. Kd5 Bb8
47. Re6 1-0

[Event "77. ljubljanska liga 2025"]
[Site "Gostovanja"]
[Date "2025.01.16"]
[Round "1.3"]
[White "Skok, Boris"]
[Black "Olenik Campa, Rudi"]
[Result "0-1"]
[WhiteElo "1934"]
[BlackElo "2290"]
[PlyCount "102"]
[EventDate "2025.01.16"]
[WhiteTeam "SD ČRNI GRABEN"]
[BlackTeam "SK LJUBLJANA - TAJFUN"]

1. d4 Nf6 2. c4 e6 3. Nf3 d5 4. Nc3 Bb4 5. cxd5 exd5 6. Bg5 Nbd7 7. Nd2 c6 8.
e3 O-O 9. Bd3 Re8 10. O-O Be7 11. Qc2 h6 12. Bh4 Nf8 13. Nf3 Ne6 14. Ne5 a6 15.
Rfd1 Nd7 16. Bg3 Nxe5 17. Bxe5 Bd7 18. Rac1 Rc8 19. Bf5 Bf8 20. Qb1 Kh8 21. b4
b5 22. a3 a5 23. Rd2 Qg5 24. Bg3 h5 25. h4 Qf6 26. Ne2 Ra8 27. Bh3 Rec8 28. Nf4
axb4 29. axb4 Ra4 30. Rb2 Qh6 31. Nd3 Rca8 32. Ne5 Be8 33. Kh2 R8a6 34. Qf5 Kg8
35. Rcb1 Be7 36. Qf3 Ra3 37. Qd1 Bd6 38. Bf5 Qf6 39. Bc2 g6 40. f4 Ng7 41. Bf2
Nf5 42. Qe1 Qe6 43. Nd3 Nh6 44. Kh1 Ra8 45. Bg1 Qe7 46. Ne5 Kg7 47. Qg3 Qf6 48.
Qg5 Be7 49. Qxf6+ Kxf6 50. Bf2 Ng4 51. Bd3 Ke6 0-1

[Event "77. ljubljanska liga 2025"]
[Site "Gostovanja"]
[Date "2025.01.16"]
[Round "1.3"]
[White "Srebrnic, Vojko"]
[Black "Osolin, Bogdan"]
[Result "1-0"]
[WhiteElo "2072"]
[BlackElo "1918"]
[PlyCount "139"]
[EventDate "2025.01.16"]
[WhiteTeam "SK LJUBLJANA - TAJFUN"]
[BlackTeam "SD ČRNI GRABEN"]

1. e4 Nc6 2. Nc3 e6 3. Nf3 d5 4. d4 Nf6 5. e5 Ne4 6. Bd3 Bb4 7. Bd2 Nxd2 8.
Qxd2 Bd7 9. O-O h6 10. a3 Be7 11. Ne2 Bg5 12. Nxg5 hxg5 13. f4 gxf4 14. Qxf4
Qe7 15. Rf3 Rf8 16. Raf1 O-O-O 17. Qg3 Be8 18. Qf2 Kb8 19. c3 Rc8 20. Ng3 Qh4
21. Rf4 Qh6 22. Ne2 Ne7 23. b4 Rh8 24. g3 Ng6 25. Bxg6 Qxg6 26. Rf3 b6 27. Nf4
Qh6 28. Qc2 Ba4 29. Qd2 Rcf8 30. R1f2 Be8 31. Nd3 Qh7 32. Nb2 Qb1+ 33. Qd1 Qg6
34. Qc2 Qh6 35. a4 f5 36. exf6 gxf6 37. b5 Bg6 38. Qd2 Be4 39. Qxh6 Rxh6 40.
Re3 f5 41. Nd3 Bxd3 42. Rxd3 Kc8 43. c4 dxc4 44. Rc3 Rg6 45. Rf4 Rh8 46. Rxc4
Rgh6 47. Rc2 Kd7 48. d5 R8h7 49. dxe6+ Kxe6 50. Rfc4 Kd6 51. Rc6+ Kd5 52. Rxh6
Rxh6 53. Rxc7 f4 54. Kg2 fxg3 55. hxg3 Ke4 56. Rxa7 Kd4 57. Rc7 Kd5 58. g4 Rh8
59. Rc6 Ra8 60. Rxb6 Rxa4 61. Kg3 Kc5 62. Rb7 Ra1 63. Kf4 Kd6 64. Kf5 Rf1+ 65.
Kg6 Ke6 66. g5 Rg1 67. b6 Ke5 68. Rf7 Rb1 69. b7 Ke6 70. Kg7 1-0

[Event "77. ljubljanska liga 2025"]
[Site "Gostovanja"]
[Date "2025.01.16"]
[Round "1.3"]
[White "Hribar, Janez"]
[Black "Glavac, Leo"]
[Result "0-1"]
[WhiteElo "1875"]
[BlackElo "1848"]
[PlyCount "90"]
[EventDate "2025.01.16"]
[WhiteTeam "SD ČRNI GRABEN"]
[BlackTeam "SK LJUBLJANA - TAJFUN"]

1. d4 d5 2. Nf3 Nf6 3. Bf4 Bf5 4. e3 e6 5. Nbd2 c5 6. c3 Qb6 7. Qb3 c4 8. Qa4+
Qc6 9. Qd1 h6 10. Ne5 Qb5 11. b4 a5 12. a4 Qb6 13. b5 Nbd7 14. g4 Bh7 15. Bg2
Nxe5 16. Bxe5 Nd7 17. Bg3 Bd6 18. e4 Bxg3 19. hxg3 dxe4 20. Nxe4 Bxe4 21. Bxe4
Nf6 22. Bg2 O-O 23. Qf3 Rab8 24. g5 hxg5 25. g4 Rfd8 26. Qh3 Kf8 27. Qh8+ Ke7
28. Qh3 Qd6 29. Qe3 Qf4 30. Qxf4 gxf4 31. g5 Nd5 32. Kd2 Rh8 33. Bf3 Kd6 34.
Rxh8 Rxh8 35. Rh1 Rxh1 36. Bxh1 Nb6 37. Bxb7 Nxa4 38. Bf3 Nb6 39. Bh5 g6 40.
Bf3 Ke7 41. Be4 f6 42. Bxg6 fxg5 43. f3 a4 44. Kc2 a3 45. Be4 Na4 0-1

[Event "77. ljubljanska liga 2025"]
[Site "Gostovanja"]
[Date "2025.01.16"]
[Round "1.3"]
[White "Kovacic, Jakob"]
[Black "Majcen, Zoran"]
[Result "1/2-1/2"]
[WhiteElo "1705"]
[BlackElo "1889"]
[PlyCount "120"]
[EventDate "2025.01.16"]
[WhiteTeam "SK LJUBLJANA - TAJFUN"]
[BlackTeam "SD ČRNI GRABEN"]

1. e4 e6 2. e5 d5 3. exd6 Bxd6 4. d4 Nf6 5. Nf3 O-O 6. Be2 b6 7. O-O Bb7 8. Bg5
h6 9. Bh4 Be7 10. Nc3 Nd5 11. Bxe7 Qxe7 12. Nxd5 Bxd5 13. c4 Bb7 14. Qd3 Nd7
15. Rfd1 Rfd8 16. Qe3 Rac8 17. d5 Nf8 18. Nd4 Qf6 19. dxe6 Nxe6 20. Nxe6 Qxe6
21. Qxe6 fxe6 22. Bg4 Kf7 23. Kf1 Rd6 24. g3 Rcd8 25. Rxd6 Rxd6 26. Rd1 Be4 27.
Rxd6 cxd6 28. Ke2 Kf6 29. Ke3 Bb1 30. a3 Ke5 31. f4+ Kf6 32. Kd4 g5 33. fxg5+
hxg5 34. b4 Ba2 35. h4 gxh4 36. gxh4 Bb3 37. c5 dxc5+ 38. bxc5 bxc5+ 39. Kxc5
Ba4 40. Be2 Bc2 41. Kb5 e5 42. Bg4 Bd3+ 43. Kc5 Be4 44. Kb4 Ke7 45. Be2 Ke6 46.
h5 Kd5 47. a4 Kd4 48. h6 Bf5 49. Kb5 e4 50. Ka6 Ke5 51. Kxa7 Kf6 52. a5 Be6 53.
Kb8 Kg6 54. a6 Bd5 55. a7 Kxh6 56. Bc4 e3 57. Kc7 Kg5 58. Kd6 Ba8 59. Ke5 Bb7
60. Be2 Ba8 1/2-1/2

[Event "77. ljubljanska liga 2025"]
[Site "Gostovanja"]
[Date "2025.01.16"]
[Round "1.4"]
[White "Babarovic, Fran"]
[Black "Zidar, Jernej"]
[Result "1/2-1/2"]
[WhiteElo "1788"]
[BlackElo "2091"]
[PlyCount "63"]
[EventDate "2025.01.16"]
[WhiteTeam "SK KOMENDA POGI"]
[BlackTeam "SK KOMENDA POPOTNIK"]

1. e4 c5 2. Nf3 d6 3. d4 Nf6 4. Nc3 cxd4 5. Nxd4 a6 6. f3 e5 7. Nb3 Be6 8. Be3
Be7 9. Nd5 Nxd5 10. exd5 Bf5 11. Bd3 Bg6 12. O-O Bf6 13. Bxg6 hxg6 14. Qd3 Nd7
15. Rae1 O-O 16. Nd2 b6 17. f4 exf4 18. Bxf4 Be5 19. Nc4 Bxf4 20. Rxf4 b5 21.
Nd2 Qg5 22. Ref1 Ne5 23. Qh3 f5 24. Rh4 Ng4 25. Rh8+ Kf7 26. Rxf8+ Rxf8 27. Ne4
Qe3+ 28. Qxe3 Nxe3 29. Nxd6+ Kf6 30. Re1 Nxd5 31. Ne8+ Kf7 32. Nd6+ 1/2-1/2

[Event "77. ljubljanska liga 2025"]
[Site "Gostovanja"]
[Date "2025.01.16"]
[Round "1.4"]
[White "Ogradi, Gregor"]
[Black "Macek, Inti"]
[Result "1/2-1/2"]
[WhiteElo "1976"]
[BlackElo "1697"]
[PlyCount "98"]
[EventDate "2025.01.16"]
[WhiteTeam "SK KOMENDA POPOTNIK"]
[BlackTeam "SK KOMENDA POGI"]

1. e4 e5 2. Nf3 Nc6 3. Bb5 g6 4. O-O Bg7 5. c3 Nge7 6. d4 exd4 7. cxd4 O-O 8.
d5 Ne5 9. Nxe5 Bxe5 10. f4 Bg7 11. Nc3 d6 12. Bc4 Kh8 13. Be3 f5 14. Bd4 fxe4
15. Bxg7+ Kxg7 16. Qd4+ Kg8 17. Nxe4 Nf5 18. Qc3 Ng7 19. Rac1 Bf5 20. Ng5 h6
21. Nf3 Qf6 22. Qxf6 Rxf6 23. Nd4 Kf8 24. Rc3 Bd7 25. Bd3 Nf5 26. Bxf5 Bxf5 27.
Re3 b6 28. Rc3 Rf7 29. Rfc1 Rc8 30. Nb5 Rd7 31. Nxa7 Ra8 32. Rxc7 Rxa7 33. Rxa7
Rxa7 34. Rc6 Ke7 35. Rxb6 Rxa2 36. Rb5 Ra4 37. g3 Rd4 38. Kf2 Rd3 39. Ke2 Be4
40. Rb4 Bf5 41. g4 Rxd5 42. gxf5 Rxf5 43. Kf3 Kd7 44. Re4 Rb5 45. Re2 Rb3+ 46.
Ke4 Ke6 47. Rd2 Rb4+ 48. Kf3 Rb3+ 49. Ke4 Rb4+ 1/2-1/2

[Event "77. ljubljanska liga 2025"]
[Site "Gostovanja"]
[Date "2025.01.16"]
[Round "1.4"]
[White "Cimperman, Teo"]
[Black "Perme, Martin"]
[Result "0-1"]
[WhiteElo "1663"]
[BlackElo "1807"]
[PlyCount "92"]
[EventDate "2025.01.16"]
[WhiteTeam "SK KOMENDA POGI"]
[BlackTeam "SK KOMENDA POPOTNIK"]

1. e4 c5 2. Nf3 d6 3. d4 cxd4 4. Nxd4 Nf6 5. Nc3 g6 6. Be3 Bg7 7. f3 O-O 8. Qd2
Nc6 9. O-O-O Bd7 10. g4 Rc8 11. h4 h5 12. gxh5 Nxh5 13. Rg1 Kh7 14. Rg5 Ne5 15.
Be2 Nc4 16. Bxc4 Rxc4 17. Rdg1 Rc5 18. Rxc5 dxc5 19. Nb3 c4 20. Nc5 Bc6 21. Rd1
Qa5 22. a3 b5 23. Ne2 Qc7 24. Nf4 Qe5 25. c3 Nxf4 26. Bxf4 Qxc5 27. Rh1 Qh5 28.
Qf2 Bh6 29. Bxh6 Qxh6+ 30. Kb1 Qh5 31. Rg1 Rd8 32. Rg5 Qh6 33. Qh2 Rd1+ 34. Kc2
Rd7 35. Qf2 f6 36. Rc5 Rd6 37. e5 Re6 38. Qd4 g5 39. Qg4 Qg6+ 40. Kc1 f5 41.
Qg3 gxh4 42. Qxh4+ Qh6+ 43. Qxh6+ Kxh6 44. f4 Kh5 45. Kd2 Kg4 46. Ke3 a6 0-1

[Event "77. ljubljanska liga 2025"]
[Site "Gostovanja"]
[Date "2025.01.16"]
[Round "1.5"]
[White "Siraj, Svit"]
[Black "Trivuncevic, Bosko"]
[Result "1-0"]
[WhiteElo "2144"]
[BlackElo "1908"]
[PlyCount "69"]
[EventDate "2025.01.16"]
[WhiteTeam "SD VRHNIKA"]
[BlackTeam "SK LOSKA DOLINA"]

1. e4 d6 2. d4 a6 3. Bd3 Nc6 4. c3 e5 5. Nf3 Be7 6. O-O Nf6 7. h3 Bd7 8. Nbd2
O-O 9. a4 Re8 10. a5 Qc8 11. Qb3 h6 12. Bc4 Rf8 13. Re1 Bd8 14. Nf1 b5 15. axb6
cxb6 16. Bd3 b5 17. Be3 Bc7 18. Ng3 Ne7 19. Qd1 Ng6 20. Qd2 Kh7 21. Nf5 Nh5 22.
Bxh6 Ngf4 23. Bxf4 Nxf4 24. Bc2 Qd8 25. Nxd6 Bxh3 26. dxe5 Nxg2 27. Ng5+ Kg6
28. Nxh3 Nxe1 29. Rxe1 Qh4 30. Kh2 f6 31. exf6 Rxf6 32. e5+ Kh5 33. exf6 Qxf6
34. Qd5+ Kh6 35. Re6 1-0

[Event "77. ljubljanska liga 2025"]
[Site "Gostovanja"]
[Date "2025.01.16"]
[Round "1.5"]
[White "Kutin, Boris"]
[Black "Vodnik, Val"]
[Result "0-1"]
[WhiteElo "1752"]
[BlackElo "1864"]
[PlyCount "98"]
[EventDate "2025.01.16"]
[WhiteTeam "SK LOSKA DOLINA"]
[BlackTeam "SD VRHNIKA"]

1. e4 e5 2. Nc3 Nf6 3. f4 d5 4. exd5 exf4 5. Nf3 Nxd5 6. Bc4 Be6 7. Qe2 c6 8.
d4 Bb4 9. Bxd5 Bxc3+ 10. bxc3 cxd5 11. Bxf4 Nd7 12. O-O O-O 13. Ng5 Re8 14. Qd3
Nf6 15. Be5 Ne4 16. Nxe4 dxe4 17. Qg3 g6 18. Bf6 Qa5 19. Rae1 Bxa2 20. Ra1 Qd5
21. Qh4 h5 22. Be5 Bc4 23. Rf4 Rxe5 24. dxe5 Qxe5 25. Rxe4 Qxc3 26. Rae1 Bd5
27. R4e2 Qc5+ 28. Kh1 Qc4 29. Qf6 Qc6 30. Qh4 Kh7 31. Re5 Be6 32. Rxe6 fxe6 33.
Qe7+ Kh6 34. Rxe6 Qxc2 35. h4 Qf5 36. Re5 Qf1+ 37. Kh2 Qf4+ 38. Kh1 Rf8 39. Re4
Rf7 40. Qe8 Qf6 41. Kg1 Rf8 42. Qb5 Rd8 43. Qe2 Rd7 44. g3 Qd6 45. Qe3+ Kh7 46.
Qg5 Qd1+ 47. Kf2 Rd2+ 48. Ke3 Re2+ 49. Kf4 Qd2+ 0-1

[Event "77. ljubljanska liga 2025"]
[Site "Gostovanja"]
[Date "2025.01.16"]
[Round "1.5"]
[White "Sever, Gasper"]
[Black "Mulec, Dejan"]
[Result "0-1"]
[WhiteElo "1759"]
[BlackElo "1705"]
[PlyCount "60"]
[EventDate "2025.01.16"]
[WhiteTeam "SD VRHNIKA"]
[BlackTeam "SK LOSKA DOLINA"]

1. e4 d6 2. d4 Nf6 3. Nc3 Nbd7 4. f4 e5 5. Nf3 exd4 6. Qxd4 c6 7. Bc4 d5 8.
exd5 Bc5 9. Qd3 O-O 10. dxc6 Re8+ 11. Kf1 bxc6 12. Ng5 Re7 13. h3 Qc7 14. Ne2
h6 15. Nf3 Ne4 16. Nfd4 Ndf6 17. Be3 Bb7 18. Rd1 Rd8 19. c3 Bb6 20. Qc2 Red7
21. Re1 c5 22. Nf3 Qc6 23. Ra1 Bc7 24. a4 a6 25. Rc1 Nh5 26. Rb1 Qg6 27. Ke1
Nhg3 28. Bf2 Nxe2 29. Bxe2 Bxf4 30. Bh4 Bg3+ 0-1

[Event "77. ljubljanska liga 2025"]
[Site "Gostovanja"]
[Date "2025.01.16"]
[Round "1.5"]
[White "Soba, Franc"]
[Black "Redek, Leon"]
[Result "0-1"]
[WhiteElo "1495"]
[BlackElo "1696"]
[PlyCount "66"]
[EventDate "2025.01.16"]
[WhiteTeam "SK LOSKA DOLINA"]
[BlackTeam "SD VRHNIKA"]

1. d4 d5 2. c4 e6 3. Nf3 Nf6 4. e3 Be7 5. Bd3 O-O 6. Nbd2 Nbd7 7. O-O Re8 8.
Re1 c6 9. b3 Bd6 10. e4 dxe4 11. Nxe4 Nxe4 12. Bxe4 Nf6 13. Bc2 h6 14. Bb2 b6
15. Ne5 Bb7 16. Qf3 Qc7 17. Rad1 Rad8 18. Qe2 c5 19. f4 cxd4 20. Bxd4 Bb4 21.
Rf1 Rxd4 22. Rxd4 Bc5 23. Rfd1 Rd8 24. Qf2 Rxd4 25. Rxd4 b5 26. Rd8+ Qxd8 27.
Qxc5 Qd2 28. Qf2 Qc1+ 29. Qf1 Qxc2 30. cxb5 Ne4 31. Nc6 Bxc6 32. bxc6 Qxc6 33.
Qd1 Qc5+ 0-1

[Event "77. ljubljanska liga 2025"]
[Site "Gostovanja"]
[Date "2025.01.16"]
[Round "1.6"]
[White "Sajovic, Marko"]
[Black "Kodela, Matjaz"]
[Result "0-1"]
[WhiteElo "2054"]
[BlackElo "1945"]
[PlyCount "122"]
[EventDate "2025.01.16"]
[WhiteTeam "SK MEDVODE"]
[BlackTeam "DRUSTVO KPSRD KAREL JERAJ"]

1. e4 c6 2. d4 d5 3. exd5 cxd5 4. c3 Nc6 5. Bd3 Nf6 6. h3 g6 7. Nf3 Bg7 8. Bf4
Qb6 9. Qc2 O-O 10. Nbd2 Bd7 11. Nb3 Nd8 12. a4 Ne6 13. Bh2 Rac8 14. a5 Qd8 15.
O-O Qe8 16. Qe2 Bh6 17. Rfe1 a6 18. g4 Bc6 19. Ne5 Ba4 20. Ra3 Bb5 21. Nxf7
Qxf7 22. Bxb5 Ng5 23. Bd3 Nxh3+ 24. Kg2 Nxg4 25. Qe6 Nxh2 26. Kxh2 Qxe6 27.
Rxe6 Nf4 28. Re3 Nxd3 29. Rxd3 Rxf2+ 30. Kg3 Rxb2 31. Nc5 Rf8 32. Rf3 Rxf3+ 33.
Kxf3 Bg5 34. Ra4 Bd2 35. Ra3 h5 36. Nd3 Rc2 37. Ra4 Rxc3 38. Ke2 Bg5 39. Rb4
Rc2+ 40. Kf3 Rc3 41. Ke2 Rc2+ 42. Kf3 Rc4 43. Rxb7 Rxd4 44. Ne5 Rf4+ 45. Kg2
Ra4 46. Rb6 Bf6 47. Nc6 Ra2+ 48. Kg3 h4+ 49. Kg4 Ra4+ 50. Kh3 Ra3+ 51. Kh2 g5
52. Rxa6 g4 53. Rb6 Ra2+ 54. Kh1 h3 55. Nxe7+ Bxe7 56. Rg6+ Kf7 57. Rxg4 Rxa5
58. Rf4+ Ke8 59. Rf3 Ra3 60. Rf5 Rd3 61. Re5 Kd7 0-1

[Event "77. ljubljanska liga 2025"]
[Site "Gostovanja"]
[Date "2025.01.16"]
[Round "1.6"]
[White "Stimec, Marjan"]
[Black "Porenta, Matija"]
[Result "0-1"]
[WhiteElo "1853"]
[BlackElo "1841"]
[PlyCount "54"]
[EventDate "2025.01.16"]
[WhiteTeam "DRUSTVO KPSRD KAREL JERAJ"]
[BlackTeam "SK MEDVODE"]

1. e4 c5 2. Nf3 d6 3. d4 cxd4 4. Nxd4 Nf6 5. Nc3 a6 6. f3 Nc6 7. Nb3 e6 8. Be3
Be7 9. Qd2 b5 10. Qf2 Nd7 11. O-O-O Qc7 12. f4 Rb8 13. Kb1 Nb6 14. Nd4 b4 15.
Nxc6 Qxc6 16. Bxb6 bxc3 17. Bd4 Rxb2+ 18. Kc1 e5 19. fxe5 dxe5 20. Bxc3 Qxc3
21. Rd3 Qb4 22. Rb3 Rxb3 23. axb3 Qc3 24. Qf3 Qa1+ 25. Kd2 Bb4+ 26. Ke2 Qe1+
27. Kd3 Qd2+ 0-1

[Event "77. ljubljanska liga 2025"]
[Site "Gostovanja"]
[Date "2025.01.16"]
[Round "1.6"]
[White "Jese, Janez"]
[Black "Kutin, Dusan"]
[Result "0-1"]
[WhiteElo "1798"]
[BlackElo "1798"]
[PlyCount "78"]
[EventDate "2025.01.16"]
[WhiteTeam "SK MEDVODE"]
[BlackTeam "DRUSTVO KPSRD KAREL JERAJ"]

1. e4 e5 2. Bc4 Nf6 3. d4 Nc6 4. Nf3 d6 5. Ng5 d5 6. exd5 Nxd4 7. c3 Nf5 8. O-O
Nd6 9. Bb3 h6 10. Nf3 e4 11. Ne5 Be7 12. Ba4+ b5 13. Nc6 Qd7 14. Bc2 O-O 15. a4
Ba6 16. Re1 Rfe8 17. f3 exf3 18. Qxf3 Bf8 19. Ne5 Qc8 20. Bf4 Bb7 21. axb5 Bxd5
22. Qd3 Be4 23. Qe2 Qf5 24. Bxe4 Ndxe4 25. Nd3 Nxc3 26. Qf3 Nxb1 27. Rexb1 Rad8
28. Rd1 Bc5+ 29. Nxc5 Qxc5+ 30. Kh1 Qb6 31. h3 Rxd1+ 32. Qxd1 Qxb5 33. Bxc7 a6
34. b3 Re3 35. Rb1 Ne4 36. Qd4 Re2 37. b4 Qf5 38. Kh2 Ng5 39. Qd1 Qxh3+ 0-1

[Event "77. ljubljanska liga 2025"]
[Site "Gostovanja"]
[Date "2025.01.16"]
[Round "1.6"]
[White "Vertacnik, Viktor"]
[Black "Cedilnik, Branko"]
[Result "1-0"]
[WhiteElo "1723"]
[BlackElo "1704"]
[PlyCount "120"]
[EventDate "2025.01.16"]
[WhiteTeam "DRUSTVO KPSRD KAREL JERAJ"]
[BlackTeam "SK MEDVODE"]

1. e4 e6 2. d4 d5 3. e5 c5 4. c3 cxd4 5. cxd4 Nc6 6. Nf3 Qb6 7. a3 Nge7 8. Bd3
Bd7 9. Bc2 h6 10. O-O a5 11. Re1 Nf5 12. Bxf5 exf5 13. Nc3 Be6 14. Qd3 Be7 15.
Qb5 Qc7 16. Nxd5 Bxd5 17. Qxd5 Rd8 18. Qc4 Qb6 19. d5 Rc8 20. dxc6 Rxc6 21. Qa4
O-O 22. Be3 Qa6 23. Rac1 b5 24. Rxc6 Qxc6 25. Qxa5 g5 26. Rc1 Qd5 27. h3 f4 28.
Qd2 Qb7 29. Bc5 Rd8 30. Qe2 Rd5 31. Bxe7 Qxe7 32. Rc8+ Kg7 33. Qc2 Qd7 34. Rc7
Qe6 35. Qc6 Qxc6 36. Rxc6 Rd1+ 37. Kh2 Rb1 38. b4 Rb3 39. Rc5 Rxa3 40. Rxb5 Kg6
41. Rb6+ Kg7 42. b5 Ra2 43. Rb7 Kg6 44. b6 Rxf2 45. Rd7 Rb2 46. b7 h5 47. Nd4
g4 48. hxg4 hxg4 49. Nc6 g3+ 50. Kh3 f3 51. Kxg3 f2 52. Rd1 Rxb7 53. Kxf2 Rc7
54. Nd4 Re7 55. Re1 Rd7 56. Nf3 Kf5 57. Rh1 Kg6 58. Rh4 Kf5 59. Ke3 Re7 60. g4+
Kg6 1-0

[Event "77. ljubljanska liga 2025"]
[Site "Gostovanja"]
[Date "2025.01.16"]
[Round "1.7"]
[White "Markoja Jeraj, Sebastijan"]
[Black "Pisek, Igor"]
[Result "1-0"]
[WhiteElo "2232"]
[BlackElo "1808"]
[PlyCount "55"]
[EventDate "2025.01.16"]
[WhiteTeam "SK DOL PRI LJUBLJANI"]
[BlackTeam "SK VISNJA GORA - STIČNA"]

1. e4 e5 2. Nf3 Nc6 3. Bb5 d6 4. d4 Bd7 5. c3 Be7 6. Nbd2 Nf6 7. O-O O-O 8. Re1
Bg4 9. h3 Bxf3 10. Nxf3 exd4 11. cxd4 a6 12. Bd3 Nd7 13. b3 Bf6 14. Bb2 Re8 15.
Qd2 g6 16. Rac1 Rc8 17. Bxa6 bxa6 18. Rxc6 Nb6 19. Qc2 d5 20. e5 Be7 21. Rc1
Qd7 22. Rxc7 Qb5 23. Qd2 a5 24. Rxc8 Rxc8 25. Rxc8+ Nxc8 26. Qc2 Qb7 27. Bc3
Qa6 28. Bxa5 1-0

[Event "77. ljubljanska liga 2025"]
[Site "Gostovanja"]
[Date "2025.01.16"]
[Round "1.7"]
[White "Jancigaj, Saso Valentin"]
[Black "Kampus, Andrej"]
[Result "1/2-1/2"]
[WhiteElo "1786"]
[BlackElo "2063"]
[PlyCount "50"]
[EventDate "2025.01.16"]
[WhiteTeam "SK VISNJA GORA - STIČNA"]
[BlackTeam "SK DOL PRI LJUBLJANI"]

1. f4 d5 2. Nf3 c5 3. e3 g6 4. d4 Bg7 5. c3 Nf6 6. Bd3 b6 7. Nbd2 O-O 8. O-O
Bb7 9. Ne5 Ne4 10. Rf3 Nd7 11. Rh3 Nxe5 12. fxe5 Nxd2 13. Bxd2 f6 14. exf6 exf6
15. Rxh7 f5 16. Rh3 c4 17. Bc2 a5 18. Qf3 Rc8 19. Rg3 Kh7 20. Rh3+ Kg8 21. Rg3
Kh7 22. Rf1 Rc7 23. Rh3+ Kg8 24. Rg3 Kh7 25. Rh3+ Kg8 1/2-1/2

[Event "77. ljubljanska liga 2025"]
[Site "Gostovanja"]
[Date "2025.01.16"]
[Round "1.7"]
[White "Bandelj, Mirko"]
[Black "Lesjak, Damjan"]
[Result "1-0"]
[WhiteElo "1926"]
[BlackElo "1835"]
[PlyCount "53"]
[EventDate "2025.01.16"]
[WhiteTeam "SK DOL PRI LJUBLJANI"]
[BlackTeam "SK VISNJA GORA - STIČNA"]

1. e4 e5 2. Nf3 Nc6 3. Bc4 Nf6 4. d3 d5 5. exd5 Nxd5 6. O-O Be7 7. Re1 O-O 8.
Nxe5 Nxe5 9. Rxe5 c6 10. d4 Bd6 11. Re1 Qh4 12. g3 Qh3 13. Bf1 Qd7 14. Nd2 f5
15. c4 Nf6 16. f4 Qf7 17. c5 Bc7 18. Bc4 Nd5 19. Nf3 Qf6 20. Qb3 Be6 21. Ng5
Rae8 22. Nxe6 Rxe6 23. Rxe6 Qxe6 24. Bd2 Qe4 25. Re1 Qxd4+ 26. Be3 Qe4 27. Bf2
1-0

[Event "77. ljubljanska liga 2025"]
[Site "Gostovanja"]
[Date "2025.01.16"]
[Round "1.8"]
[White "Lanjscek, Miha"]
[Black "Lah, Emil"]
[Result "1-0"]
[WhiteElo "1836"]
[BlackElo "1954"]
[PlyCount "83"]
[EventDate "2025.01.16"]
[WhiteTeam "SK TRZIN"]
[BlackTeam "SK TRZIN BUSCOTRADE"]

1. d4 Nf6 2. c4 e6 3. Nc3 d5 4. cxd5 exd5 5. Bg5 c6 6. Qc2 Be7 7. Bxf6 Bxf6 8.
Nf3 a5 9. e3 Na6 10. a3 g6 11. Bd3 Nc7 12. O-O O-O 13. Ne2 Re8 14. h3 Qd6 15.
Ng3 Ne6 16. h4 Nf8 17. h5 Bg4 18. hxg6 hxg6 19. Nh2 Bd7 20. Rfe1 Kg7 21. f4 Bh4
22. Nhf1 f5 23. Qf2 Bf6 24. Nd2 Be6 25. Nf3 Nd7 26. Ne5 Bxe5 27. fxe5 Qe7 28.
Ne2 Rh8 29. Nf4 Rh6 30. Qg3 Rah8 31. b4 axb4 32. axb4 Nf8 33. b5 Kf7 34. bxc6
bxc6 35. Nh3 Nd7 36. Ra7 Rc8 37. Rb1 Rhh8 38. Nf4 Rh6 39. Rbb7 Rd8 40. Rc7 g5
41. Nxe6 Qxe6 42. Qxg5 1-0